|
|
|
|
| LEADER |
00000nam a2200000 a 4500 |
| 001 |
vtls001297839 |
| 003 |
SK-MaSNL |
| 005 |
20260224151857.0 |
| 008 |
210928s1981 BG 0 bul |
| 035 |
|
|
|a SNK000249754
|
| 040 |
|
|
|a SNK
|b slo
|c SNK
|e AACR2
|
| 044 |
|
|
|a BG
|
| 245 |
1 |
|
|a Bibliografija na balgarskata statističeska literatura 1878-1980
|n čast 1., 1878-1960
|n čast 2., 1961-1980
|
| 260 |
|
|
|a Sofija
|b Komitet po jedina sistema za socialna informacija pri Min. savet
|c 1981
|
| 300 |
|
|
|a 303 s.
|c 8°
|
| 958 |
|
|
|a OND
|
| 999 |
|
|
|c 1058607
|d 1060537
|
| 952 |
|
|
|t P60, <04>, [BOOK], {604}
|a SNK
|b SNK
|y VYP
|7 0
|o snkIC 90023/1-2
|i snkV 3423/82
|0 0
|1 0
|4 0
|d 1997-08-05
|l 0
|r 2005-01-02 00:00:00
|w 2026-02-24
|